000 00551nam a2200193Ia 4500
005 20250326143203.0
008 250326s9999 xx 000 0 und d
020 _a0-415-31702-9
037 _aTextbook
040 _aFMSL
_beng
_cFMSL
041 _aeng
_2eng
084 _aX:8D P4
_qFMSL
100 _aSargeant A
_9747331
245 0 _aFundraising management analysis,planning and practice
_cSargeant A; Jay E
260 _aLondon
_bLondon, Routledge
_c2004
300 _axvi,347
942 _cTB
_hX:8D P4
999 _c1298503
_d1298503